Sports Quiz

Random Sports or NCAA Quiz

Atlantic Sun Quiz Stats

 Plays Quiz Updated Dec 16, 2019

Support Sporcle.
Go Orange.
Score 0/18 Timer 05:00
1 Play Today
% Correct
Jacksonville
62.6%
Florida Gulf Coast
58.5%
North Florida
56.5%
Stetson
54.6%
Eagles
54%
Lipscomb
53.2%
Liberty
52%
Dolphins
48.2%
Kennesaw State
47.5%
% Correct
Lions
46.7%
Bellarmine University
45.7%
North Alabama
44.4%
Ospreys
43.2%
Hatters
43.2%
Owls
43.1%
Flames
40.3%
Bisons
38.8%
Knights
36.4%

You're not logged in!

Compare scores with friends on all Sporcle quizzes.
OR
Log In

From the Vault

One Hit Wonders (2000s)

by PatentExaminer

If you only get one hit, you had better make it count.
Remove Ads.
Support Sporcle.
Get the best of Sporcle when you Go Orange. This ad-free experience offers more features, more stats, and more fun while also helping to support Sporcle. Thank you for becoming a member.

Show Comments

Extras

Top Quizzes Today


Score Distribution

Your Account Isn't Verified!

In order to create a playlist on Sporcle, you need to verify the email address you used during registration. Go to your Sporcle Settings to finish the process.

Report this User

Report this user for behavior that violates our Community Guidelines.

Details: